| 000 | 00714nam a22002177a 4500 | ||
|---|---|---|---|
| 999 |
_c157705 _d157705 |
||
| 005 | 20180926144208.0 | ||
| 010 | _aENG-124063 | ||
| 020 |
_a9789352871971 _c1195.00 |
||
| 035 | _aEN-107595 | ||
| 037 | _bDBAD/PUB | ||
| 082 | _a323.6 | ||
| 245 |
_aGendered citizenship: _bmanifestations and performance / _ced.by Bishnupriya Dutt; Janelle Reinelt [and] Shrinkhla Sahai |
||
| 260 |
_aHyderabad _bOrient BlackSwan Pvt. Ltd. _c2018 |
||
| 270 |
_bHyderabad _e500029 _a3-6-752 Himayatnagar, |
||
| 300 |
_axx,344p _c21cm.(Hb.) _bill. |
||
| 500 | _aIt includes index | ||
| 700 | _a Dutt, Bishnupriya | ||
| 700 | _aReinelt, Janelle | ||
| 700 | _aSahai, Shrinkhla | ||
| 942 |
_2ddc _cEN _h323.6 _mGEN |
||